000 00769nam a2200229Ii 4500
003 JO-AjNU
008 230605s9999||||xx |||||||||||||| ||und||
017 _a2003/8196
020 _a977-01-8522-1
040 _aJO-AjNU
_bara
_erda
_cJO-AjNU
041 _aara
050 1 4 _aPJ7840.A332.U4 2002
100 3 _aتأليف جعفر،مجدي محمود ؛ دراسة شمس الدين موسى,
_eauthor
_914782
245 0 0 _aأم دغش: قصص
264 3 1 _aالقاهرة:الهيئة المصرية العامة للكتاب،2003
300 _a162ص
336 _atext
_btxt
_2rdacontent
337 _aunmediated
_bn
_2rdamedia
338 _avolume
_bnc
_2rdacarrier
490 0 _aإشراقات جديدة 57
650 4 _aالأدب العربي - قصص
_914783
999 _aA4023
_c7591
_d7591